[Event "Guernsey op 34th"]
[Site "Guernsey"]
[Date "2008.10.23"]
[Round "5"]
[White "Norman, Kenneth I"]
[Black "Viviani, Primo"]
[Result "1-0"]
[WhiteElo "2192"]
[BlackElo "1939"]
[PlyCount "35"]
[EventDate "2008.10.19"]
[EventType "swiss"]
[EventRounds "7"]
[EventCountry "GCI"]
[SourceTitle "EXT 2009"]
[Source "ChessBase"]
[SourceDate "2008.11.26"]
[SourceVersion "1"]
[SourceVersionDate "2008.11.26"]
[SourceQuality "1"]

1. Nf3 d5 2. g3 Nf6 3. Bg2 c5 4. 0-0 Nc6 5. d4 cxd4 6. Nxd4 e5 7. Nxc6 bxc6 8. c4 Bb7 9. cxd5 cxd5 10. Qa4+ Qd7 11. Qxd7+ Nxd7 12. Nc3 Nb6 13. Nb5 Kd7 14. Rd1 g6 15. Be3 Kc6 16. Nc3 e4 17. Rac1 Kd7 18. Nxe4 1-0

[Event "Guernsey op 34th"]
[Site "Guernsey"]
[Date "2008.10.20"]
[Round "2"]
[White "Viviani, Primo"]
[Black "Ozanne, Mark S"]
[Result "0-1"]
[WhiteElo "1939"]
[BlackElo "2042"]
[PlyCount "88"]
[EventDate "2008.10.19"]
[EventType "swiss"]
[EventRounds "7"]
[EventCountry "GCI"]
[SourceTitle "EXT 2009"]
[Source "ChessBase"]
[SourceDate "2008.11.26"]
[SourceVersion "1"]
[SourceVersionDate "2008.11.26"]
[SourceQuality "1"]

1. c4 g6 2. Nc3 Bg7 3. g3 Nf6 4. Bg2 0-0 5. Nf3 d6 6. d4 c6 7. 0-0 Qa5 8. Nd2 Qh5 9. e3 Bg4 10. Bf3 Nbd7 11. Nce4 c5 12. Bxg4 Nxg4 13. Nf3 f5 14. Neg5 Nxh2 15. Nxh2 Qxg5 16. Nf3 Qg4 17. Kg2 cxd4 18. Rh1 Ne5 19. Nxd4 Qxd1 20. Rxd1 Nxc4 21. Ne6 Rfc8 22. Nxg7 Kxg7 23. b3 Nb6 24. Bb2+ Kf7 25. Rd2 Rc7 26. Rh1 h5 27. a4 Rac8 28. Bd4 Nd7 29. e4 Nc5 30. Bxc5 Rxc5 31. Re2 Rc2 32. Ree1 fxe4 33. Rxe4 Rb2 34. Rhe1 e5 35. Rb4 b6 36. Rd1 Ke6 37. Rb5 Rc5 38. Rb4 Rcc2 39. a5 Rxf2+ 40. Kh1 bxa5 41. Rb5 Rh2+ 42. Kg1 Rbg2+ 43. Kf1 Rh1+ 44. Kxg2 Rxd1 0-1